| 000 | 00692nam a2200253Ia 4500 | ||
|---|---|---|---|
| 003 | OSt | ||
| 005 | 20221007110823.0 | ||
| 006 | a|||||r|||| 00| 0 | ||
| 007 | ta | ||
| 008 | 221006b |||||||| |||| 00| 0 eng d | ||
| 020 | _a9788187374534 | ||
| 024 | _a21,928 | ||
| 037 | _cTextual | ||
| 040 |
_aLCO _cLCO _beng |
||
| 041 |
_2eng _aeng |
||
| 082 | _aX:5.1y7, P9 | ||
| 100 | _aBagchi Jayanta | ||
| 245 | 0 | _aDisputes Settlement in the Dynamics of International Trade with Case Studies | |
| 260 |
_aNew _bDelhi Samskriti India _c2009 |
||
| 300 | _a264 | ||
| 650 |
_aDISPUTE _9307623 |
||
| 942 |
_hX:5.1y7, P9 _cTEXL |
||
| 999 |
_c1191491 _d1191491 |
||